[Event "BCF-chT3 0405 (4NCL)"]
[Site "Telford"]
[Date "2005.02.27"]
[Round "6.2"]
[White "Rutter, Nicholas J"]
[Black "Chavan, Anant"]
[Result "1-0"]
[WhiteElo "2136"]
[BlackElo "2131"]
[PlyCount "33"]
[EventDate "2004.11.06"]
[EventType "team-tourn"]
[EventRounds "11"]
[EventCountry "ENG"]
[SourceTitle "EXT 2006"]
[Source "ChessBase"]
[SourceDate "2005.11.24"]
[SourceVersion "1"]
[SourceVersionDate "2005.11.24"]
[SourceQuality "1"]
[WhiteTeam "Wessex II"]
[BlackTeam "Poisoned Pawns II"]
[WhiteTeamCountry "ENG"]
[BlackTeamCountry "ENG"]

1. e4 e5 2. Nf3 f5 3. Nxe5 Qf6 4. Nc4 fxe4 5. Nc3 Qg6 6. Ne3 c6 7. d3 Bb4 8. dxe4 Bxc3+ 9. bxc3 Qxe4 10. Bd3 Qe5 11. 0-0 Qxc3 12. Nc4 Qxa1 13. Re1+ Ne7 14. Rxe7+ Kd8 15. Rxd7+ Kxd7 16. Bg6+ Ke7 17. Qd6# 1-0

[Event "BCF-chT3 0405 (4NCL)"]
[Site "Telford"]
[Date "2005.01.15"]
[Round "3.3"]
[White "Moyse, Nigel John"]
[Black "Chavan, Anant"]
[Result "1-0"]
[WhiteElo "2054"]
[BlackElo "2131"]
[PlyCount "163"]
[EventDate "2004.11.06"]
[EventType "team-tourn"]
[EventRounds "11"]
[EventCountry "ENG"]
[SourceTitle "EXT 2006"]
[Source "ChessBase"]
[SourceDate "2005.11.24"]
[SourceVersion "1"]
[SourceVersionDate "2005.11.24"]
[SourceQuality "1"]
[WhiteTeam "South County Stars"]
[BlackTeam "Poisoned Pawns II"]
[WhiteTeamCountry "ENG"]
[BlackTeamCountry "ENG"]

1. d4 Nf6 2. c4 d5 3. cxd5 Qxd5 4. Nc3 Qa5 5. Nf3 c6 6. Bd2 Qc7 7. Rc1 Bf5 8. Qb3 Nbd7 9. e3 e6 10. Be2 Ne4 11. Nxe4 Bxe4 12. 0-0 Bd6 13. Bb4 0-0 14. Bxd6 Qxd6 15. Ng5 Bd5 16. Qc2 f5 17. a3 e5 18. dxe5 Nxe5 19. Nh3 Ng6 20. Rfd1 Rad8 21. Bf3 Qe5 22. Bxd5+ Rxd5 23. Rxd5 Qxd5 24. Rd1 Qe6 25. Ng5 Qf6 26. Qb3+ Kh8 27. Ne6 Re8 28. Nd4 Rd8 29. Rc1 Rd7 30. Nf3 h6 31. h3 b6 32. Qc2 c5 33. b4 cxb4 34. axb4 Kh7 35. b5 f4 36. exf4 Qxf4 37. Re1 Rc7 38. Qb1 Rc5 39. Qd3 Qc4 40. Qxc4 Rxc4 41. Rb1 Kg8 42. g3 Kf7 43. Kf1 Ke6 44. Ke2 Ra4 45. Ke3 Ne7 46. Nd4+ Ke5 47. f4+ Kd5 48. Nc2 Kc4 49. Kf3 Nd5 50. Rd1 Ra5 51. f5 Kc5 52. Nd4 Ra3+ 53. Kf2 Nc3 54. Ne6+ Kxb5 55. Rd4 a5 56. Nxg7 Ra2+ 57. Kf3 Ne2 58. Rd3 Kc4 59. Re3 Nd4+ 60. Ke4 Rf2 61. g4 a4 62. Ke5 b5 63. Ne6 Nf3+ 64. Kd6 b4 65. Re4+ Kc3 66. Kc5 b3 67. Rxa4 Ne5 68. Kd5 b2 69. Ra3+ Kd2 70. Rb3 Nd3 71. Nc5 Kc2 72. Nxd3 Kxb3 73. Nxb2 Rf3 74. Nc4 Rxh3 75. Ne5 Kc3 76. f6 Rh1 77. f7 Rf1 78. Ke6 Kd4 79. Nd7 Ke4 80. Nf6+ Kf4 81. f8Q Rh1 82. Qd6+ 1-0